Statistics for Sports Movies by Actors/Actress

Click here to take the quiz!

General Stats

  • This quiz has been taken 48 times
  • The average score is 10 of 26

Answer Stats

Actors/Actress Movie % Correct
Sandra Bullock, Tim McGrawThe Blind Side
77%
Sylvester Stallone, Carl WeathersRocky
77%
Kevin Costner, James Earl JonesField of Dreams
77%
Denzel Washington, Will PattonRemember the Titans
59%
Kevin Costner, Tim RobbinsBull Durham
56%
Ralph Macchio, William ZabkaThe Karate Kid
54%
Tom Hanks, MadonnaA League of Their Own
54%
Adam Sandler, Carl WeathersHappy Gilmore
49%
Bill Murray, Chevy ChaseCaddyshack
49%
Michael B. Jordan, Sylvester StalloneCreed
49%
Sean Astin, Ned BeattyRudy
49%
Will Ferrell, John C. ReillyTalladega Nights: The Ballad of Ricky Bobby
44%
Harrison Ford, Chadwick Boseman42
41%
Gene Hackman, Dennis HooperHoosiers
38%
Charlie Sheen, Bob UeckerMajor League
38%
Robert Redford, Robert DuvallThe Natural
36%
Matthew McConaughey, Matthew FoxWe Are Marshall
36%
James Caan, Billy Dee WilliamsBrian's Song
31%
Jimmy Fallon, Drew BarrymoreFever Pitch
23%
Kevin Costner, Arian FosterDraft Day
23%
David Spade, Rob SchniderThe Benchwarmers
21%
Tom Guiry, James Earl JonesThe Sandlot
18%
Thomas Ian Nicholas, Gary BuseyRookie of the Year
15%
Will Smith, Alec BaldwinConcussion
15%
Will Ferrell, Mike DitkaKicking & Screaming
10%
Kevin Costner, Maria BelloMcFarland, USA
5%

Score Distribution

Percentile by Number Answered

Percent of People with Each Score

Your Score History

You have not taken this quiz